Personnages de "section de recherches" - Statistiques

Statistiques générales
  • Ce quiz a été pris 22 fois
  • Le résultat moyen est 11 sur 20
Statistiques - réponses
Par images Réponse % Correct
Martin Bernier
94%
Enzo Ghemara
69%
Léon
69%
Lucas Auriol
69%
Marc-Olivier Delcroix/ Marco
69%
Mathilde Delmas
69%
Nadia Angeli
69%
Sara Casanova
69%
Daniel Pérez
63%
Fanny Caradec
63%
Nathalie Charlieu
63%
Alexandre Sainte-Rose / Alex
56%
Claire Linsky
56%
Victoire Cabral / Vicky
56%
Luc Irrandonéa
44%
Camille Chatenet
31%
Jeanne Lorieux
31%
Rose Orsini
31%
Roxane Janin
31%
Viktor Branević
13%
Aucun quiz correspondant
Distribution des résultats
% des personnes avec chaque résultat
Percentile par nombre de réponses
Votre historique - résultats
Vous n’avez pas pris ce quiz